<?xml version="1.0" encoding="UTF-8"?>
<collection xmlns="http://www.loc.gov/MARC21/slim">
 <record>
  <leader>00702cam a2200193 7i4500</leader>
  <controlfield tag="001">0000057586</controlfield>
  <controlfield tag="005">20100823090000.0</controlfield>
  <controlfield tag="008">070805</controlfield>
  <datafield tag="090" ind1="0" ind2="0">
   <subfield code="a">RA 1 </subfield>
   <subfield code="b">.B7</subfield>
  </datafield>
  <datafield tag="110" ind1="1" ind2="0">
   <subfield code="a">Universiti Brunei Darussalam Institute of Medicine</subfield>
  </datafield>
  <datafield tag="245" ind1="1" ind2="0">
   <subfield code="a">Brunei Darussalam Journal of health.</subfield>
  </datafield>
  <datafield tag="260" ind1="#" ind2="#">
   <subfield code="a">Bandar Seri Begawan: </subfield>
   <subfield code="b">Universiti Brunei Darussalam, </subfield>
   <subfield code="c">2006</subfield>
  </datafield>
  <datafield tag="300" ind1="#" ind2="#">
   <subfield code="a">v.: </subfield>
   <subfield code="b">ill.; </subfield>
   <subfield code="c">30 cm.</subfield>
  </datafield>
  <datafield tag="650" ind1="0" ind2="0">
   <subfield code="a">Public health -- </subfield>
   <subfield code="x">Periodicals -- </subfield>
   <subfield code="z">Brunei Darussalam </subfield>
  </datafield>
  <datafield tag="650" ind1="0" ind2="0">
   <subfield code="a">Medicine -- </subfield>
   <subfield code="x">Periodical -- </subfield>
   <subfield code="z">Brunei Darussalam </subfield>
  </datafield>
  <datafield tag="650" ind1="0" ind2="0">
   <subfield code="a">Clinical medicine -- </subfield>
   <subfield code="x">Periodicals -- </subfield>
   <subfield code="z">Brunei Darussalam </subfield>
  </datafield>
  <datafield tag="850" ind1="#" ind2="#">
   <subfield code="a">Library has vol.1 2006, vol. 2 2007 -</subfield>
  </datafield>
  <datafield tag="999" ind1=" " ind2=" ">
   <subfield code="a">1100077512</subfield>
   <subfield code="b">Jurnal</subfield>
   <subfield code="c">Jurnal Berjilid</subfield>
   <subfield code="e">STACKROOM 1</subfield>
  </datafield>
 </record>
</collection>
